000 00257nam a2200121Ia 4500
082 _a615.1
_bP09T
100 _aTHAKURTA, R.G.
245 _aPHARMACEUTICAL MANUFACUTRING
260 _bBIRLA PUB
300 _a195
650 _aPHARMACEUTICS
942 _2ddc
_cBK
999 _c7238
_d7238